Statistics for Republics of Russia (with map)

Click here to take the quiz!

General Stats

  • This quiz has been taken 272 times
  • The average score is 15 of 22

Answers on the Map

Answers color-coded by a green-red scale on the quiz's map according to % correct below.
 

Answer Stats

Republic% Correct
Chechnya
91%
Dagestan
88%
Sakha
88%
Crimea
87%
Karelia
81%
Tatarstan
78%
Tuva
76%
North Ossetia-Alania
71%
Altai
70%
Bashkortostan
66%
Buryatia
66%
Komi
66%
Ingushetia
65%
Kalmykia
64%
Udmurtia
60%
Adygea
59%
Mari El
56%
Chuvashia
55%
Kabardino-Balkaria
55%
Khakassia
53%
Karachay-Cherkessia
52%
Mordovia
52%

Score Distribution

Percentile by Number Answered

Percent of People with Each Score

Your Score History

You have not taken this quiz